عرض عادي
عرض مارك
- Winningham, Maryl Lynne,
مدخل إسم شخص
001 - رقم الضبط
- حقل الضبط: 45749
003 - معرف رقم الضبط
- حقل الضبط: OSt
005 - تاريخ ووقت أخر عملية
- حقل الضبط: 20140622105442.0
008 - عناصر بيانات ثابتة الطول
- حقل تحكم ثابت الطول: 140622|||a|||||| | ||| d
040 ## - مصدر الفهرسة
- هيئة الفهرسة الأصلية: OSt
- وكالة الكتابة: OSt
100 ## - مدخل -- أسم شخص
- إسم شخص: Winningham, Maryl Lynne,
- تواريخ مرتبطة بالاسم: 1947-2001.
- عنوان العمل: Critical thinking in medical-surgical settings.
670 ## - بيانات المصدر موجوده
- الاستشهاد بالمصدر: Work cat.: (OSt)0: Harding, Mariann. 45743, Winningham's critical thinking cases in nursing :, c2013.
